000
00258nam a22001217a 4500
008
170608b xxu||||| |||| 00| 0 eng d
041
_a
eng
080
_2
2ND
_a
94
100
_a
18
101
_a
SHH
245
_a
DECOLONIZATION
_c
BETTS,R.F
942
_2
udc
_c
BK
999
_c
16548
_d
16548